00659cam a2200229 a 4500001000500000005001700005020001800022040002300040050002000063082001100083100003000094245004500124250001200169260004000181300004700221490003900268505000800307520004800315521002000363521002000383650002600403315020240214111702.0 a9780531147610 aDLCcDLCdDLCbeng10aQB661.T39b200800a523.451 aTaylor-Butler, Christine 10aJupiter /cby Taylor-Butler, Christine  aUpdated aNew York :bChildren's Press,c2008 a24 pages : bcolor illustrations ;c21 cm. aScholastic News Nonfiction Readers0 aK  aA basic introduction to the planet Jupiter. a520 bLexile  aK bRaz-Plus  aplanets vnon-fiction